• 首页
  • 本馆介绍
  • 公告通知
  • 最新文献
  • 馆藏检索
  • 电子资源
  • 读者导购
  • 参考咨询
  • 我的图书馆
  • 登录
  • 详细信息显示
  • 放入我的书架
  • 预约/预借图书
  • 作者相关作品
  • 分类相关作品
  • 丛书相关作品
  • 出版社相关作品

书目信息

  • 表格格式
  • 工作单格式
  • 卡片格式
题名:
聋儿主题教育康复活动
    
 
作者: 卢红云 , 孙韡郡 , 周静 著
分册: 下   启蒙篇
出版信息: 上海   上海社会科学院出版社  2013
页数: 143页
开本: 24cm
丛书名: 言语听觉障碍儿童综合康复丛书
单 册:
中图分类: G762.4 , G76
科图分类:
主题词: 听力障碍--ting li zhang ai--儿童--语言--教育康复
电子资源:
ISBN: 978-7-5520-0316-1
000 01469nam 2200313 450
001 2375322596
005 20231212202911.47
010    @a978-7-5520-0316-1@dCNY34.00, CNY68.00 (全2册)
100    @a20140121d2013 em y0chiy50 ea
101 0  @achi
102    @aCN@b310000
105    @ak z 000yy
200 1  @a聋儿主题教育康复活动@Along er zhu ti jiao yu kang fu huo dong@h下@i启蒙篇@f卢红云 ... [等] 著
210    @a上海@c上海社会科学院出版社@d2013
215    @a143页@d24cm
225 2  @a言语听觉障碍儿童综合康复丛书@Ayan yu ting jue zhang ai er tong zong he kang fu cong shu
300    @a国家出版基金项目 本书获2012年国家出版基金资助
304    @a题名页题: 卢红云, 孙韡郡, 周静, 杜晓新, 周红省著
330    @a本书汇集了我自己、我的家、我的幼儿园、可爱的动物、我们的食物、漂亮的衣服6个与儿童生活息息相关的主题, 内含简单易懂的娃娃、妈妈、鼻子等教育训练内容, 按照主题教育教案、康复活动设计方案、日康复教育效果记录表3种形式介绍聋儿主题教育康复活动。在幼儿园教师开展教育训练, 专家指导总结的基础上, 还加入了家长参与的内容。整套书对聋儿康复教师、聋儿家长、相关从业人员等都有所帮助和启示。
410  0 @12001 @a言语听觉障碍儿童综合康复丛书
517 1  @a启蒙篇@Aqi meng pian
606 0  @a听力障碍@Ating li zhang ai@x儿童@x语言@x教育康复
690    @aG762.4@v5
690    @aG76@v4
701  0 @a卢红云@Alu hong yun@4著
701  0 @a孙韡郡@Asun wei jun@4著
701  0 @a周静@Azhou jing@4著
801  0 @aCN@b湖北三新@c20140121
905    @aZUCC@dG76@e7:1:2
    
    聋儿主题教育康复活动.下.启蒙篇/卢红云 ... [等] 著.-上海:上海社会科学院出版社,2013
    143页;24cm.-(言语听觉障碍儿童综合康复丛书)
    国家出版基金项目 本书获2012年国家出版基金资助
    
    ISBN 978-7-5520-0316-1:CNY34.00, CNY68.00 (全2册)
    本书汇集了我自己、我的家、我的幼儿园、可爱的动物、我们的食物、漂亮的衣服6个与儿童生活息息相关的主题, 内含简单易懂的娃娃、妈妈、鼻子等教育训练内容, 按照主题教育教案、康复活动设计方案、日康复教育效果记录表3种形式介绍聋儿主题教育康复活动。在幼儿园教师开展教育训练, 专家指导总结的基础上, 还加入了家长参与的内容。整套书对聋儿康复教师、聋儿家长、相关从业人员等都有所帮助和启示。
●
相关链接 在五车中查询图书 在当当中查询图书 在豆瓣中查询图书


正题名:聋儿主题教育康复活动     索取号:G76/7:1:2         预约/预借

序号 登录号 条形码 馆藏地/架位号 状态 备注
1 2001358874   2001358874   共建书房-教育学院/ [索取号:G76/7:1:2] 在馆    
2 2001358875   2001358875   603书库/ [索取号:G76/7:1:2] 在馆    
3 2001358876   2001358876   603书库/ [索取号:G76/7:1:2] 在馆    
4 2001358877   2001358877   603书库/ [索取号:G76/7:1:2] 在馆    
5 2001358878   2001358878   603书库/ [索取号:G76/7:1:2] 在馆    
6 2001358879   2001358879   603书库/ [索取号:G76/7:1:2] 在馆    
7 2001358880   2001358880   603书库/ [索取号:G76/7:1:2] 在馆    
8 2001358881   2001358881   603书库/ [索取号:G76/7:1:2] 在馆    
9 2001358882   2001358882   603书库/ [索取号:G76/7:1:2] 在馆    
10 2001358883   2001358883   603书库/ [索取号:G76/7:1:2] 在馆    
11 2001358884   2001358884   603书库/ [索取号:G76/7:1:2] 在馆    
12 2001358885   2001358885   603书库/ [索取号:G76/7:1:2] 在馆    
13 2001358886   2001358886   603书库/ [索取号:G76/7:1:2] 在馆    
14 2001358887   2001358887   603书库/ [索取号:G76/7:1:2] 在馆    
15 2001455812   2001455812   208书库/ [索取号:G76/7:1:2] 在馆    
16 2001455813   2001455813   208书库/ [索取号:G76/7:1:2] 在馆    
17 2001455814   2001455814   208书库/ [索取号:G76/7:1:2] 在馆    
18 2001455831   2001455831   208书库/ [索取号:G76/7:1:2] 在馆    
19 2001455832   2001455832   208书库/ [索取号:G76/7:1:2] 在馆    
20 2001455833   2001455833   208书库/ [索取号:G76/7:1:2] 在馆    
21 2001455834   2001455834   208书库/ [索取号:G76/7:1:2] 在馆    
22 2001455835   2001455835   208书库/ [索取号:G76/7:1:2] 在馆    
23 2001455836   2001455836   208书库/ [索取号:G76/7:1:2] 在馆    
24 2001455837   2001455837   208书库/ [索取号:G76/7:1:2] 在馆    
25 2001455838   2001455838   208书库/ [索取号:G76/7:1:2] 在馆    
26 2001455839   2001455839   208书库/ [索取号:G76/7:1:2] 在馆    
27 2001455840   2001455840   208书库/ [索取号:G76/7:1:2] 在馆    
28 2001455841   2001455841   208书库/ [索取号:G76/7:1:2] 在馆    
29 2001455842   2001455842   208书库/ [索取号:G76/7:1:2] 在馆    
30 2001455843   2001455843   208书库/ [索取号:G76/7:1:2] 在馆    
山东省滨州职业学院图书馆 欢迎您!
大连网信软件有限公司© 版权所有